Introduction to tropical agriculture (Record no. 430342)

000 -LEADER
fixed length control field 00387cam a22001337a 4500
008 - FIXED-LENGTH DATA ELEMENTS--GENERAL INFORMATION
fixed length control field 180718b1958 xxu||||| |||| 00| 0 eng d
082 ## - DEWEY DECIMAL CLASSIFICATION NUMBER
Classification number Zx98 T244
100 ## - MAIN ENTRY--PERSONAL NAME
Personal name Tempany, Harold
245 ## - TITLE STATEMENT
Title Introduction to tropical agriculture
Statement of responsibility, etc. by Harold Tempany and D.H. Grist
260 ## - PUBLICATION, DISTRIBUTION, ETC.
Place of publication, distribution, etc. London
Name of publisher, distributor, etc. Longmans, Green
Date of publication, distribution, etc. 1958
300 ## - PHYSICAL DESCRIPTION
Extent 347p
650 ## - SUBJECT ADDED ENTRY--TOPICAL TERM
Topical term or geographic name entry element Agriculture --Tropics
700 ## - ADDED ENTRY--PERSONAL NAME
Personal name Grist, D.H.
Holdings
Withdrawn status Lost status Damaged status Not for loan Permanent Location Current Location Date acquired Full call number Barcode Date last seen Price effective from Koha item type
        Indian Institute of Public Administration Indian Institute of Public Administration 2010-01-08 Zx98 T244 16021 2018-07-21 2018-07-21 Book

Powered by Koha